Electronic finance: a new perspective and challenges

Enregistré dans:
Détails bibliographiques
Format: Livre
Langue:anglais
Publié: Basel Bank for International Settlements 2001
Collection:BIS Papers No. 7
Sujets:
Tags: Ajouter un tag
Pas de tags, Soyez le premier à ajouter un tag!

MARC

LEADER 00000nam a2200000 4500
001 0024466
005 20240104133031.4
020 |a 92-9131-630-X 
022 |a 1609-0381 
041 0 |a eng 
044 |a CH 
245 1 0 |a Electronic finance: a new perspective and challenges 
264 1 |a Basel  |b Bank for International Settlements  |c 2001 
300 |a 112 s. 
490 1 |a BIS Papers  |v No. 7 
830 0 |a BIS Papers  |v No. 7 
610 2 0 |a financie 
610 2 0 |a bankovníctvo elektronické 
610 2 0 |a konkurencia 
610 2 0 |a internet 
610 2 0 |a obchod elektronický 
610 2 0 |a politika menová